|
|
|
|
| LEADER |
00000cam a2200000 a 4500 |
| 001 |
vtls001103236 |
| 003 |
SK-MaSNL |
| 005 |
20260301062522.0 |
| 008 |
250414s1981 xo b 0000j slo |
| 015 |
|
|
|a SNBA1981/10
|
| 035 |
|
|
|a SNK000046078
|
| 040 |
|
|
|a SNK
|b slo
|c SNK
|e AACR2
|
| 041 |
0 |
|
|a slo
|
| 044 |
|
|
|a xo
|c SK
|
| 080 |
|
|
|a 885.4-3(087.5)
|2 1981
|
| 080 |
|
|
|a 894.631-93(087.5)
|2 1981
|
| 080 |
|
|
|a 398.2(=946.31)
|2 1981
|
| 100 |
1 |
|
|a Križanová-Brindzová, Helena,
|d 1922-1990
|4 aut
|9 87463
|
| 245 |
1 |
0 |
|a V krajine zlatého rúna
|c Helena Križanová-Brindzová
|
| 250 |
|
|
|a 1. vyd.
|
| 260 |
|
|
|a Bratislava
|b Mladé letá
|c 1981
|e Martin
|f Tlačiarne SNP
|
| 300 |
|
|
|a 184 s
|c 25 cm
|
| 366 |
|
|
|e 12000 výtl.
|
| 521 |
|
|
|a Pre čitateľov od 6 rokov
|
| 655 |
|
7 |
|a slovenské rozprávky
|2 SNKPH
|9 70528
|
| 655 |
|
7 |
|a gruzínske rozprávky
|2 SNKPH
|9 239259
|
| 655 |
|
7 |
|a literárne adaptácie
|2 SNKPH
|9 276567
|
| 655 |
|
7 |
|a literatúra pre deti
|2 SNKPH
|9 87135
|
| 700 |
1 |
|
|a Votavová, Blanka,
|d 1933-2018
|4 bkd
|9 193727
|
| 852 |
|
|
|a Slovenská národná knižnica
|
| 958 |
|
|
|a OND
|
| 958 |
|
|
|a LX
|
| 958 |
|
|
|a DB
|
| 958 |
|
|
|a TL
|
| 999 |
|
|
|c 620959
|d 622889
|
| 952 |
|
|
|a SNK
|b SNK
|y VYP
|7 0
|p 17A0523663
|o snkSC 53422 D1
|i snkKSP 8136/81
|0 0
|1 0
|4 0
|d 2006-11-06
|l 0
|r 2026-02-23 16:54:58
|w 2026-02-23
|
| 952 |
|
|
|a SNK
|b SNK
|y PREZ
|7 0
|p 17A0864376
|o snkSC 53422
|0 0
|1 0
|4 0
|d 2012-08-06
|l 0
|r 2025-11-06 00:00:00
|w 2026-02-23
|